000 00383nam a2200145Ia 4500
008 210210b1993 xxu||||| |||| 00| 0 eng d
082 _a820.308 SAHA
100 _aSAHNI (Bhisham).
245 _aAnthology of hindi short stories.
260 _aN D
_bSahitya Akademi
_c1993
300 _avi,477
650 _aHindi translation
690 _aIndian English Fiction
906 _a048191
999 _c97434
_d97434